| 000 | 00727nam a22001937a 4500 | ||
|---|---|---|---|
| 005 | 20251108164951.0 | ||
| 008 | 250721s1969 xx 000 0 ara d | ||
| 082 | 1 | 4 | _a810.90962/رفع |
| 100 | 1 | _aعبد المطلب، رفعت فوزي | |
| 245 | 1 | 0 |
_aعبقريات العقاد : _bدراسة تحليلية / |
| 264 | 1 |
_aالقاهرة : _bالهيئة العامة لشؤون المطابع الأميرية، _c1969. |
|
| 300 | _a80ص | ||
| 490 | 0 | _aمطبوعات المجلس الأعلى لرعاية الفنون و الآداب و العاوم الإجتماعية ؛111 | |
| 650 | 1 | 7 | _aالأدب العربي |
| 650 | 1 | 7 | _aالنقد الأدبي |
| 650 | 1 | 7 | _aمصر |
| 942 |
_2ddc _cBK |
||
| 999 |
_c18627 _d18627 |
||